Journal du Concile de Trente (Record no. 156451)

MARC details
000 -LEADER
campo de control de longitud fija 00635nam a2200181 i 4500
001 - NÚMERO DE CONTROL
campo de control 156451
003 - IDENTIFICADOR DE NÚMERO DE CONTROL
campo de control ES-MaACL
005 - FECHA Y HORA DE LA ÚLTIMA TRANSACCIÓN
campo de control 20250603152408.0
008 - DATOS DE LONGITUD FIJA--INFORMACIÓN GENERAL
campo de control de longitud fija 991115s1870 fr |||| | fre d
040 ## - FUENTE DE CATALOGACIÓN
Centro catalogador/agencia de origen CCPB | B
Lengua de catalogación spa
Centro/agencia transcriptor CCPB | B
245 00 - MENCIÓN DEL TÍTULO
Título Journal du Concile de Trente
Resto del título : rédigé par un secrétaire vénitien, présent aux sesions de 1562 a 1563 /
Mención de responsabilidad, etc. et publié par Armand Baschet.
260 ## - PUBLICACIÓN, DISTRIBUCIÓN, ETC.
Lugar de publicación, distribución, etc. Paris :
Nombre del editor, distribuidor, etc. Henri Plon,
Fecha de publicación, distribución, etc. 1870.
300 ## - DESCRIPCIÓN FÍSICA
Extensión 273 p. ;
Dimensiones 20 cm.
611 27 - PUNTO DE ACCESO ADICIONAL DE MATERIA--NOMBRE DE REUNIÓN/CONGRESO
Nombre de congreso/reunión o jurisdicción como elemento de entrada Concilio de Trento
Fecha del congreso o de la firma del tratado (1545-1563)
Fuente del encabezamiento o término
9 (RLIN) 135069
700 0# - ENTRADA AGREGADA--NOMBRE PERSONAL
Nombre de persona Baschet, Armand.
9 (RLIN) 26261
852 ## - LOCALIZACIÓN
Ubicación ES-MaACL
Número de control de estantería F-8507
Nota libre -- Rúst.
Holdings
Estatus retirado Estado de pérdida Estado de daño No para préstamo Colección Biblioteca de origen Biblioteca actual Ubicación en estantería Fecha de adquisición Fuente de adquisición Total de préstamos Signatura topográfica completa Código de barras Visto por última vez Precio de reemplazo Tipo de ítem Koha
        Libros del s. XIX Biblioteca del Ateneo de Madrid Biblioteca del Ateneo de Madrid Sala Pecera Planta 2 17/01/2008     F-8507 1163682 23/02/2023 23/02/2023 Libro impreso antiguo